| 000 | 00484 a2200157 4500 | ||
|---|---|---|---|
| 003 | OSt | ||
| 005 | 20231006124954.0 | ||
| 008 | 231006b |||||||| |||| 00| 0 eng d | ||
| 020 | _a9789389109375 | ||
| 040 | _coclc | ||
| 082 |
_a892.736 _bMAH/Q |
||
| 245 |
_aThe quarter : _b stories by Naguib Mahfouz; translated from the Arabic by Roger Allen |
||
| 260 |
_aNew Delhi: _bPicador: _c2019. |
||
| 300 | _a89 p | ||
| 942 |
_2ddc _cBK _h892.736 _iMAH/Q _k892.736 _mMAH/Q |
||
| 999 |
_c42552 _d42552 |
||